000 00317nam a2200121 a 4500
005 20140414131955.0
008 110207s19uu xx 00 eng d
050 _aTR 372.7
_bM11 2002
100 _aMancuso, Karen
245 _aMath starters Grade 5-8.
260 _aNew York :
_bScholastic ,
_c2002.
999 _c112895
_d112895